| 000 | 00921cam a2200253 a 4500 | ||
|---|---|---|---|
| 005 | 20131031055455.0 | ||
| 008 | 970819s1998 wiu b s001 0 eng | ||
| 020 | _a0299158101 | ||
| 020 | _a0299158144 | ||
| 080 | _a330 | ||
| 100 | 1 | _aMcCloskey, Deirdre N. | |
| 245 | 1 | 4 |
_aThe rhetoric of economics / _cDeirdre N. McCloskey. |
| 250 | _a2nd ed. | ||
| 260 |
_aMadison, Wis. : _bUniversity of Wisconsin Press, _cc1998. |
||
| 300 |
_axxi, 223 p. ; _c24 cm. |
||
| 440 | 0 | _aRhetoric of the human sciences | |
| 500 | _aPreface to the second edition : f. XI-XIV | ||
| 504 | _aIncludes bibliographical references (p. 195-217) and index. | ||
| 650 | 0 | _aEkonomia | |
| 650 | 0 | _aRetorika | |
| 856 | 4 | 2 |
_3Contributor biographical information _uhttp://www.loc.gov/catdir/enhancements/fy0666/97037740-b.html |
| 856 | 4 | 2 |
_3Publisher description _uhttp://www.loc.gov/catdir/enhancements/fy0666/97037740-d.html |
| 942 |
_2udc _cBK |
||
| 999 |
_c233 _d233 |
||